Southville International School and Colleges
Your cart is empty.
  • Cart
  • Lists
    Public lists Eva Luna New books Lux_list list_1
    Your lists Log in to create your own lists
  • Log in to your account
  • Your cookies
  • Search history
Southville International School and Colleges
  • Advanced search
  • Recent comments
  • Most popular
  • Libraries

Log in to your account

Log in with GOOGLE


If you do not have an external account, but do have a local account, you can still log in:

  1. Home
  2. MARC view: The whipping boy /
Normal view MARC view ISBD view

The whipping boy / (Record no. 33642)

[ view plain ]
MARC details
000 -LEADER
fixed length control field 01345cam a22003495a 4500
001 - CONTROL NUMBER
control field 13325653
003 - CONTROL NUMBER IDENTIFIER
control field OSt
005 - DATE AND TIME OF LATEST TRANSACTION
control field 20140310184329.0
008 - FIXED-LENGTH DATA ELEMENTS--GENERAL INFORMATION
fixed length control field 030827r20031987nyua c 000 1 eng
010 ## - LIBRARY OF CONGRESS CONTROL NUMBER
LC control number 2003276678
020 ## - INTERNATIONAL STANDARD BOOK NUMBER
International Standard Book Number 0439441420
040 ## - CATALOGING SOURCE
Original cataloging agency DLC
Transcribing agency DLC
Modifying agency DLC
042 ## - AUTHENTICATION CODE
Authentication code lcac
050 ## - LIBRARY OF CONGRESS CALL NUMBER
Classification number PZ 7
Item number .F5992Wh 2002
100 1# - MAIN ENTRY--PERSONAL NAME
Personal name Fleischman, Sid,
Dates associated with a name 1920-2010.
9 (RLIN) 23759
245 14 - TITLE STATEMENT
Title The whipping boy /
Statement of responsibility, etc Sid Fleischman ; illustrations by Peter Sís.
250 ## - EDITION STATEMENT
Edition statement 1st Harper Trophy ed.
260 ## - PUBLICATION, DISTRIBUTION, ETC. (IMPRINT)
Place of publication, distribution, etc New York, NY :
Name of publisher, distributor, etc Scholastic, Inc.,
Date of publication, distribution, etc 2002.
300 ## - PHYSICAL DESCRIPTION
Extent 90 p. :
Other physical details ill. ;
Dimensions 20 cm.
520 ## - SUMMARY, ETC.
Summary, etc A bratty prince and his whipping boy have many adventures when they inadvertently trade places after becoming involved with dangerous outlaws.
521 ## - TARGET AUDIENCE NOTE
Target audience note
526 ## - STUDY PROGRAM INFORMATION NOTE
Reading level 570
650 #1 - SUBJECT ADDED ENTRY--TOPICAL TERM
Topical term or geographic name as entry element Robbers and outlaws
Form subdivision Fiction.
9 (RLIN) 23760
650 #1 - SUBJECT ADDED ENTRY--TOPICAL TERM
Topical term or geographic name as entry element Adventure and adventurers
Form subdivision Fiction.
9 (RLIN) 23761
700 1# - ADDED ENTRY--PERSONAL NAME
Personal name Sís, Peter,
Dates associated with a name 1949-
Relator term ill.
9 (RLIN) 23762
856 42 - ELECTRONIC LOCATION AND ACCESS
Materials specified Publisher description
Uniform Resource Identifier <a href="http://www.loc.gov/catdir/description/hc041/2003276678.html">http://www.loc.gov/catdir/description/hc041/2003276678.html</a>
856 42 - ELECTRONIC LOCATION AND ACCESS
Materials specified Contributor biographical information
Uniform Resource Identifier <a href="http://www.loc.gov/catdir/enhancements/fy0910/2003276678-b.html">http://www.loc.gov/catdir/enhancements/fy0910/2003276678-b.html</a>
906 ## - LOCAL DATA ELEMENT F, LDF (RLIN)
a 7
b cbc
c origcop
d 2
e ncip
f 20
g y-gencatlg
942 ## - ADDED ENTRY ELEMENTS (KOHA)
Source of classification or shelving scheme Library of Congress Classification
Koha item type
Holdings
Withdrawn status Lost status Source of classification or shelving scheme Damaged status Home library Current library Shelving location Date acquired Total Checkouts Full call number Barcode Date last seen Copy number Price effective from Koha item type
    Library of Congress Classification   Luxembourg Library Luxembourg Library Scholastic Reading Center Section 10/03/2013   PZ 7 .F5992Wh 2002 LEX0781 04/18/2017 1 10/03/2013 Books

The whipping boy /

APA

Fleischman S., Sís P., . (2002). The whipping boy. New York, NY: Scholastic, Inc.

Chicago

Fleischman Sid, Sís Peter, . 2002. The whipping boy. New York, NY: Scholastic, Inc.

Harvard

Fleischman S., Sís P., . (2002). The whipping boy. New York, NY: Scholastic, Inc.

MLA

Fleischman Sid, Sís Peter, . The whipping boy. New York, NY: Scholastic, Inc. 2002.

  • Place hold
  • Print
  • Cite
  • Add to your cart (remove)
  • Save record
    BIBTEX Dublin Core MARCXML MARC (non-Unicode/MARC-8) MARC (Unicode/UTF-8) MARC (Unicode/UTF-8, Standard) MODS (XML) RIS
  • More searches
    Search for this title in:
    Other Libraries (WorldCat) Other Databases (Google Scholar) Online Stores (Bookfinder.com) Open Library (openlibrary.org)

Exporting to Dublin Core...

SOUTHVILLE LIBRARY

Southville International School and Colleges Library

1281 Tropical Ave. Cor. Luxembourg St., BF Homes International, Las Pinas City

Tel. No. 8256374 / 252358 Loc. 117/146

Powered by Koha